History Quiz

Random History or Numbers Quiz

US Destroyer Classes Quiz Stats

 Plays Quiz not verified by Sporcle

Support Sporcle.
Go Orange.
Score 0/33 Timer 10:00
0 Plays Today
Namesake Number Class % Correct
DD-445Fletcher
91.4%
DDG-51Arleigh Burke
90.6%
DD-963Spruance
77%
DDG-1000Zumwalt
77%
DD-186Clemson
74.1%
DD-710Gearing
73.4%
DD-692Allen M. Sumner
71.2%
DD-348Farragut
70.5%
DDG-37Farragut
70.5%
DDG-993Kidd
69.8%
DD-421Benson
67.6%
DD-364Mahan
63.3%
DD-423Gleaves
61.9%
DD-75Wickes
61.2%
DDG-2Charles F. Adams
58.3%
DD-356Porter
54.7%
DD-1Bainbridge
53.2%
Namesake Number Class % Correct
DD-409Sims
52.5%
DD-397Benham
51.8%
DD-931Forrest Sherman
48.9%
DD-43Cassin
47.5%
DD-927Mitscher
46.8%
DD-380Gridley
46%
DD-386Somers
46%
DD-17Smith
45.3%
DD-63Sampson
45.3%
DD-14Truxtun
44.6%
DD-47Aylwin
43.2%
DD-380Bagley
42.4%
DD-51O'Brien
41.7%
DD-22Paulding
41%
DD-57Tucker
38.8%
DD-69Caldwell
36.7%

You're not logged in!

Compare scores with friends on all Sporcle quizzes.
OR
Log In

From the Vault

Who's That Holding the Premier League Trophy?

by treessimontrees

Probably someone who was good enough to get the trophy? Just a thought.
Remove Ads.
Support Sporcle.
Get the best of Sporcle when you Go Orange. This ad-free experience offers more features, more stats, and more fun while also helping to support Sporcle. Thank you for becoming a member.

Show Comments

Extras

Top Quizzes Today


Score Distribution

Your Account Isn't Verified!

In order to create a playlist on Sporcle, you need to verify the email address you used during registration. Go to your Sporcle Settings to finish the process.

Report this User

Report this user for behavior that violates our Community Guidelines.

Details: